Länder, die mit A beginnen - Umrisse - Statistiken

Allgemein
  • Dieses Quiz wurde 83 mal gespielt
    51 seit der letzten Aktualisierung
  • Das Durchschnittsergebnis liegt bei 8 aus 10
Antwortstatistiken
Bildquiz Antwort % Korrekt
Australien
98%
Argentinien
91%
Albanien
85%
Algerien
83%
Angola
78%
Armenien
78%
Aserbaidschan
78%
Afghanistan
76%
Antigua und Barbuda
76%
Andorra
59%
Keine übereinstimmenden Quizze gefunden
Verteilung der Resultate
Anzahl Personen mit jedem Resultat
Perzentil nach korrekt beantworteten Fragen
Ihre Resultats-Entwicklung
Sie haben dieses Quiz seit der letzten Aktualisierung nicht gespielt